00518nam a2200145Ia 4500008004100000020002200041082002000063100002500083245011500108250000600223260002000229300001000249500003600259650007700295120629s9999 xx 000 0 und d a978-970-811-180-5 a343.72052 L961c aLuna Guerra, Antonio aCasos prácticos de IETU e ISR para personas fisicas con actividades empresariales 2008 / Antonio Luna Guerra a5 aMéxico : ISEF a158 p aBibliografía y hemerografía a1. IMPUESTO SOBRE LA RENTA-MEXICO / 2. IMPUESTOS Y LEGISLACION-MEXICOÌ